000 00862cam a22003017a 4500
001 16328089
005 20180205032509.0
008 100712s2012 nyua b 001 0 eng d
010 _a 2010932347
020 _a9781111540586 (pbk.)
020 _a1111540586 (pbk.)
035 _a(OCoLC)ocn712654664
040 _aVQT
_cVQT
_dDLC
041 _aeng
042 _alccopycat
080 _a616.0012 mic
082 0 0 _a616.0012 mic
_223
100 1 _a31
101 _ashk
245 1 0 _a3-2-1 code it! /
_cMichelle A. Green.
246 3 _aThree two one code it
246 3 _a321 code it
246 3 0 _aCode it
504 _aIncludes bibliographical references and index.
906 _a7
_bcbc
_ccopycat
_d2
_encip
_f20
_gy-gencatlg
942 _2ddc
_cBK
999 _c41713
_d41713